RICS (Record no. 77849)

MARC details
000 -LEADER
fixed length control field 01264cab a2200205 4500
001 - CONTROL NUMBER
control field ##L135267
008 - FIXED-LENGTH DATA ELEMENTS--GENERAL INFORMATION
fixed length control field 061009n2006 000 0 eng u
035 ## - SYSTEM CONTROL NUMBER
System control number (Sirsi) u135267
041 0# - LANGUAGE CODE
Language code of text/sound track or separate title eng
110 2# - MAIN ENTRY--CORPORATE NAME
Corporate name or jurisdiction name as entry element Royal Institution of Chartered Surveyors
Subordinate unit Public Affairs
9 (RLIN) 4679
245 00 - TITLE STATEMENT
Title RICS
Remainder of title City Development Corporations
260 ## - PUBLICATION, DISTRIBUTION, ETC.
Date of publication, distribution, etc. 2006
490 #0 - SERIES STATEMENT
Series statement RICS View
Volume/sequential designation 27 September 2006
520 ## - SUMMARY, ETC.
Summary, etc. Expresses RICS support for the proposed introduction of City Development Corporations(CDCs) especially if they replicate the success of the early Development Corporations such as the Central Manchester Development Corporation of the early 1990s. Recommends that CDCs are given streamlined powers of land assembly and planning and are supported by adequate funding streams and proposes that safeguards are put in place to ensure that any relocation of local authorities and Regional Development Agency activities due to introduction of CDCs are kept to a minimum.
590 ## - LOCAL NOTE (RLIN)
Local note IKA171006
651 #4 - SUBJECT ADDED ENTRY--GEOGRAPHIC NAME
Geographic name England
Chronological subdivision 886-
690 ## - LOCAL SUBJECT ADDED ENTRY--TOPICAL TERM (OCLC, RLIN)
Topical term or geographic name as entry element ENVIRONMENTAL AND LAND CONSULTANCY-PLANNING AND DEVELOPMENT-STRATEGIC PLANNING
856 40 - ELECTRONIC LOCATION AND ACCESS
Uniform Resource Identifier <a href="https://www.rics.org/RICSWEB/getpage.aspx?p=iw-UMPfKoUW-V0afIVBJuQ">https://www.rics.org/RICSWEB/getpage.aspx?p=iw-UMPfKoUW-V0afIVBJuQ</a>
Public note View the statement free of charge at www.rics.org...
942 ## - ADDED ENTRY ELEMENTS (KOHA)
Suppress in OPAC 0
Holdings
Withdrawn status Lost status Source of classification or shelving scheme Damaged status Not for loan Home library Current library Shelving location Date acquired Total Checkouts Full call number Barcode Date last seen Copy number Price effective from Koha item type
    Dewey Decimal Classification     Virtual Virtual Online 09/10/2006   ONLINE PUBLICATION 135267-2001 06/08/2019 1 06/08/2019 Journal article